000 01115nam a2200253Ia 4500
003 Ost
005 20260416102354.0
008 260416s9999||||xx |||||||||||||| ||und||
040 _cfsecg
041 _aara
082 _a519.5
100 _aحنيش، أحمد
_eمؤلف
245 0 _aمحاضرات في مقياس الإحصاء 3 /
_c أحمد حنيش
260 _aالجزائر
_bجامعة الجزائر3: كلية العلوم الإقتصادية، العلوم التجارية وعلوم التسيير
_c2019
300 _a77 ورقة
_bايضاحات
_c30 سم
504 _aمراجع ص.72 ملاحق ص.74
520 _aمفاهيم أساسية، توزيعات المعاينة، التقدير الاحصائي، اختبارات الفروض الاحصائية.
653 _aالاحصاء
653 _aالاحصاء الرياضي
653 _aالتقديرات
653 _aالعينات
710 _aجامعة الجزائر3: كلية العلوم الإقتصادية، العلوم التجارية وعلوم التسيير
_eناشر علمي
942 _cHANDOUT
999 _c41130
_d41130